| 000 | 00558ntaaa2200217 4500 | ||
|---|---|---|---|
| 003 | 01 | ||
| 005 | 20251027201905.0 | ||
| 008 | 0714s1973 ag 01 | ||
| 020 | _a0829703845 | ||
| 040 |
_aAR-BaBN _bspa _cAR-BaBN _eaacr _dRIC |
||
| 082 | _a231.0000 Ya1d | ||
| 100 |
_aYancey, Philip _917400 |
||
| 245 | _aDesilusion con Dios | ||
| 250 | _a1 ed. | ||
| 260 |
_aDeerfield, FL : _bVIDA, _c1990 |
||
| 300 |
_a252 p. ; _c21 cm. |
||
| 500 | _abiblio. p. 251-252 | ||
| 650 |
_aDios-Doctrinas _916556 |
||
| 650 |
_aVida Cristiana-Sufrimiento _914967 |
||
| 942 | _cBK | ||
| 999 |
_c13605 _d13605 |
||